El gran taller de Italia: 1460-1500
Gorde:
| Egile nagusia: | |
|---|---|
| Formatua: | Liburua |
| Hizkuntza: | gaztelania |
| Argitaratua: |
Madrid
Aguilar
1966
|
| Saila: | El Universo de las formas
|
| Gaiak: | |
| Etiketak: |
Etiketa erantsi
Etiketarik gabe, Izan zaitez lehena erregistro honi etiketa jartzen!
|
MARC
| LEADER | 00000nam a2200000 a 4500 | ||
|---|---|---|---|
| 001 | UCY1928 | ||
| 003 | CL-VaPUC | ||
| 008 | 940929e19660000SP |||||||||||||||||spa|d | ||
| 082 | 0 | 4 | |a 709.024 |b CHA |2 21 |
| 100 | 0 | |a Chastel, André |e author |9 329996 | |
| 245 | 1 | 3 | |a El gran taller de Italia: 1460-1500 |
| 300 | |a 417 p | ||
| 942 | |c BK | ||
| 945 | |d 19940929 00:00:00 |a oaravena | ||
| 260 | |a Madrid |b Aguilar |c 1966 | ||
| 650 | 0 | |a Arte |v Obras ilustradas |9 265680 | |
| 651 | 0 | |a Italia |9 254949 | |
| 583 | |a last modification |c 20160907 09:34:54 |k Rodrigo Vera | ||
| 490 | 0 | |a El Universo de las formas | |
| 999 | |c 230496 |d 230494 | ||
| 952 | |0 0 |1 0 |4 0 |6 709_024000000000000_CHA_1966 |7 0 |8 F |9 232817 |a BIBARQ |b BIBARQ |d 2019-11-15 |i 3020029 |o 709.024 CHA 1966 |p 3020029 |r 2025-01-20 |w 2019-11-15 |y BK_F |k ARQ | ||
| 952 | |0 0 |1 0 |4 0 |6 709_024000000000000_CHA_1966 |7 0 |8 F |9 232818 |a BIBART |b BIBART |d 2019-11-15 |i 3737136 |o 709.024 CHA 1966 |p 3737136 |r 2025-03-13 |w 2019-11-15 |y BK_F |k ART | ||
| 952 | |0 0 |1 0 |4 0 |6 709_024000000000000_CHA_1966 |7 0 |8 X |9 232819 |a BIBHIS |b BIBHIS |d 2019-11-15 |i 4163249 |o 709.024 CHA 1966 |p 4163249 |r 2024-01-30 |w 2019-11-15 |y BK_X |k HIS | ||